000 00580nam a2200229 i 4500
001 bgj
100 1 _aEVANS, David
245 1 0 _aManagment gurus /
_cDavid Evans.
260 _aHarlow :
_bPearson Education Limited,
_c2000.
300 _aIX, 63, [1] pp :
_bphotos ;
_c20 cm.
490 1 _aPenguin Readers
650 9 _aManagement
650 9 _aLeadership
650 9 _aExecutive ability
830 _aPenguin Readers
020 _a0582817005
040 _cBPK
041 0 _aeng
920 _a0-582-81700-5
942 _cKS
008 s uk f |000 0 eng
999 _c48309
_d48309
856 _uhttp://koha.tu.koszalin.pl/cgi-bin/koha/opac-detail.pl?biblionumber=48309
_yKatalog online BPK